• 首页
  • 本馆介绍
  • 公告通知
  • 最新文献
  • 馆藏检索
  • 电子资源
  • 读者导购
  • 参考咨询
  • 我的图书馆
  • 登录
  • 详细信息显示
  • 放入我的书架
  • 预约/预借图书
  • 作者相关作品
  • 分类相关作品
  • 丛书相关作品
  • 出版社相关作品

书目信息

  • 表格格式
  • 工作单格式
  • 卡片格式
题名:
心脏养护与心脏病防治
    
 
作者: 张学安 , 郭志松 主编 ;师行春 编著
分册:  
出版信息: 北京   金盾出版社  2009
页数: 12,260页
开本: 21cm
丛书名:
单 册:
中图分类: R54
科图分类:
主题词: 心脏--保健--基本知识 , 心脏病--防治--基本知识 , 心脏 , 保健 , 心脏病
电子资源:
ISBN: 978-7-5082-4822-6
000 01027nam0 2200301 45
001 1033022234
005 20100407170505.10
010    @a978-7-5082-4822-6@dCNY15.00
100    @a20100331e2009 em y0chiy50 ea
101 0  @achi
102    @aCN@b110000
105    @ay z 000yy
106    @ar
200 1  @a心脏养护与心脏病防治@AXin Zang Yang Hu Yu Xin Zang Bing Fang Zhi@f张学安,郭志松主编@FZhang Xue An, Guo Zhi Song Zhu Bian@g师行春[等]编著
210    @a北京@c金盾出版社@d2009
215    @a12,260页@d21cm
330    @a本书详细介绍了心脏的心理养护、运动养护、饮食养护和生活起居养护和方法。重点介绍了冠心病、心力衰竭、心律失常及高血压病的治疗和预防知识。
606 0  @a心脏@x保健@x基本知识
606 0  @a心脏病@x防治@x基本知识
606 0  @a心脏
606 0  @a保健
606 0  @a心脏病
690    @aR54@v4
701  0 @a张学安@AZhang Xue An@c(医学)@4主编
701  0 @a郭志松@AGuo Zhi Song@4主编
702  0 @a师行春@AShi Xing Chun@4编著
801  0 @aCN@bTANGWEI@c20100407
905    @b0587600-04@dR54@e121@f5
    
    心脏养护与心脏病防治/张学安,郭志松主编/师行春[等]编著.-北京:金盾出版社,2009
    12,260页;21cm
    
    
    ISBN 978-7-5082-4822-6:CNY15.00
    本书详细介绍了心脏的心理养护、运动养护、饮食养护和生活起居养护和方法。重点介绍了冠心病、心力衰竭、心律失常及高血压病的治疗和预防知识。
●
相关链接 在E读中查询图书 在五车中查询图书 在当当中查询图书 在豆瓣中查询图书


正题名:心脏养护与心脏病防治     索取号:R54/121         预约/预借

序号 登录号 条形码 馆藏地/架位号 状态 备注
1 0587600   205876006   第二样本阅览室/ [索取号:R54/121] 在馆    
2 0587601   205876015   第三借阅区/ [索取号:R54/121] 在馆    
3 0587602   205876024   第三借阅区/ [索取号:R54/121] 在馆    
4 0587603   205876033   第三借阅区/ [索取号:R54/121] 在馆    
5 0587604   205876042   第三借阅区/ [索取号:R54/121] 在馆    
唐山师范学院图书馆 欢迎您!
大连网信软件有限公司© 版权所有